| 000 | 00654nam a22001577a 4500 | ||
|---|---|---|---|
| 003 | OSt | ||
| 005 | 20150922143251.0 | ||
| 008 | 150922b xxu||||| |||| 00| 0 eng d | ||
| 040 | _cRUA | ||
| 082 | _aAGR BUN 2007 B034 Or.1 | ||
| 100 |
_91117 _aBUN, LEANGHAK. |
||
| 245 | _aComparison of introduced and local varieties of crop at royal university of agriculture ការប្រៀបធៀបពូជពោតនាំចូល និងពូជក្នុងស្រុកនៅសាកលវិទ្យាល័យភូមិន្ទកសិកម្ម | ||
| 260 |
_aPhnom Penh _bRUA _c2007 |
||
| 300 |
_a79p. _bill. _c29cm. |
||
| 942 |
_2ddc _cAGR |
||
| 999 |
_c1069 _d1069 |
||